000 00519nam a2200205 a 4500
001 BRCA_6846
005 20190320205621.0
008 091111s1900----enk#######---#000-0#eng-#
041 _aeng
044 _aenk
050 4 _aPZ3
_b.S847Tr 1900
245 1 0 _aTreasure island
_cby Robert Louis Stevenson
260 _aLondres
_bG. Newnes
_c[19--?]
300 _a[160] p.
_c18 cm.
500 _aO36
650 1 4 _aLiteratura inglesa
_917076
700 1 _aStevenson Robert, Louis
_917077
902 _aGFM
942 _2lcc
_cB
999 _c6529
_d6529